LIBRARY & INFORMATION CENTRE, KCAET, TAVANUR

ONLINE PUBLIC ACCESS CATALOGUE (OPAC)

Hand book for limit state design of reinforced concrete members / (Record no. 3232)

MARC details
000 -LEADER
fixed length control field 00509cam a2200193ua 4500
041 ## - LANGUAGE CODE
Language code of text/sound track or separate title eng
082 ## - DEWEY DECIMAL CLASSIFICATION NUMBER
Classification number 028.71624
Item number GHA/HA
100 ## - MAIN ENTRY--AUTHOR NAME
Personal name Ghanekar, V K .
245 ## - TITLE STATEMENT
Title Hand book for limit state design of reinforced concrete members /
250 ## - EDITION STATEMENT
Edition statement 1 /
260 ## - PUBLICATION, DISTRIBUTION, ETC. (IMPRINT)
Place of publication :
Name of publisher Tata Mc-Graw Hill Publishing Company ,
Year of publication 1990.
300 ## - PHYSICAL DESCRIPTION
Number of Pages 763 ; .
700 1# - ADDED ENTRY--PERSONAL NAME
Personal name Jain , J P .
942 ## - ADDED ENTRY ELEMENTS (KOHA)
Koha item type Books
Holdings
Withdrawn status Lost status Damaged status Home library Current library Date acquired Full call number Accession Number Koha item type
      KAUAET KAUAET 07/04/2012 028.71624 16819 Books
free website counter